Unia Europejska, państwa członkowskie - Statystyki

Ogólne statystyki
  • Ten quiz został rozwiązany 18 982 razy
  • Średni wynik to 22 z 28
Statystyki odpowiedzi
Odpowiedź % Poprawnych
Polska
99%
Niemcy
95%
Hiszpania
93%
Francja
92%
Czechy
89%
Portugalia
89%
Słowacja
89%
Litwa
88%
Szwecja
88%
Łotwa
87%
Włochy
86%
Belgia
85%
Estonia
84%
Holandia
83%
Finlandia
81%
Chorwacja
80%
Słowenia
79%
Austria
78%
Grecja
76%
Węgry
76%
Irlandia
72%
Luksemburg
72%
Rumunia
72%
Dania
71%
Bułgaria
69%
Wielka Brytania
69%
Malta
54%
Cypr
50%
Nie znaleziono quizów pasujących do podanych kryteriów
Rozkład punktacji
Procent ludzi z każdym wynikiem
Percentyl według liczby udzielonych odpowiedzi
Twoja historia wyników
Nie rozwiązałeś tego quizu